ARRUPE JESUIT UNIVERSITY

CORONAVIRUS -STOP THE SPREAD - CLEAN,DISINFECT,COVER
Normal view MARC view

Entry Topical Term

Number of records used in: 1

001 - CONTROL NUMBER

  • control field: 16420

003 - CONTROL NUMBER IDENTIFIER

  • control field: ARRUPE

005 - DATE AND TIME OF LATEST TRANSACTION

  • control field: 20150318123628.0

008 - FIXED-LENGTH DATA ELEMENTS

  • fixed length control field: 150318|| aca||aabn | a|a d

040 ## - CATALOGING SOURCE

  • Original cataloging agency: ARRUPE
  • Transcribing agency: ARRUPE

150 ## - HEADING--TOPICAL TERM

  • Topical term or geographic name as entry element: Newton, Isaac, Sir, 1642-1727
  • General subdivision: Knowledge
  • General subdivision: Alchemy

670 ## - SOURCE DATA FOUND

  • Source citation: Work cat.: (ARRUPE): Dobbs, B.J.T. 16416, The Janus faces of genius, 1991

 

Arrupe Library. PO Box MP320 Mt Pleasant, Harare, Zimbabwe
263 242 745411|librarian@aju.ac.zw